00984nam a2200193 a 450000100100000000500170001000800410002704000250006811000600009324000170015324501660017026000720033630000200040804900090042895201200043795201110055795201050066899900170077300002896220200930055238.0110412s2008 dr 000 0 spa d aDO-SdBNPbspacBNPHU1 aRepública DominicanabSuprema Corte de Justicia9790610a[Leyes, etc]10aReglamento que organiza el sistema de escalafón judicial y el sistema de provisión de cargos judiciales :bresolución núm. 1960-08 19 de junio de 2008 /. aSanto Domingo :bSuprema Corte de Justicia,c2008fImpresora Payano a19 p. ;c22 cm. aBNPD 001054708DSaGRbGRcCTd2011-04-12iLF1l0o p28962-30r2020-06-25te. 3w2020-06-25yLFDSZPréstamo en sala 0010718PDaPDbPDcCTd2011-04-12iLF1l0o p28962-10r2020-06-25te. 2w2020-06-25yLFPDZNo se presta 0010718PDaPDbPDcCTd2011-04-12iLF1l0o p28962-20r2020-06-25w2020-06-25yLFPDZNo se presta c28454d28454